000 00478nam a2200169Ia 4500
008 240729s9999 xx 000 0 und d
022 _a2690-036X
245 0 _aJournal of Math Circles
260 _aUnited States
260 _bCentral Washington University
650 _a Mathematics
650 _a Theory and practice of education | Science
650 _aEducation
856 _uhttps://doaj.org/toc/44a73d7ef5d74aadb10ba87d049b41b3
942 _2ddc
942 _cDOAJEJ
999 _c66638
_d66638
945 _a1
_bMadushi Gamage
_c1
_dMadushi Gamage